| 000 | 00382nam a22001337a 4500 | ||
|---|---|---|---|
| 008 | 230731b |||||||| |||| 00| 0 eng d | ||
| 020 | _a978-81-23927-11-4 | ||
| 082 | _a150 | ||
| 100 | _aKrishne Gowda | ||
| 245 | _aEssentials of Psychology for BSc Nursing Students | ||
| 260 |
_aNew Delhi: _bCBS Publishers & Distributors Pvt. Ltd. _c2017 |
||
| 300 |
_a346 p. _c21.5 cm |
||
| 942 | _2ddc | ||
| 999 |
_c9630 _d9631 |
||